[Event "2025 National K-12 Grade Championship"]
[Site "Spokane, WI USA, United States"]
[Date "2025.12.12"]
[Round "2.1"]
[White "Garine, Ujwal"]
[Black "Safranek, William"]
[Result "0-1"]
[TimeControl "G/90; d10"]
[BlackTitle "FM"]
[WhiteFideId "30990629"]
[BlackFideId "30919908"]
[WhiteElo "1935"]
[BlackElo "2343"]

1. Nf3 {[%clk 01:30:00]} {[%emt 00:00:08]} f5 {[%clk 01:26:14]} {[%emt
00:03:56]} 2. c4 {[%clk 01:28:49]} {[%emt 00:01:22]} Nf6 {[%clk 01:26:11]}
{[%emt 00:00:12]} 3. b4 {[%clk 01:28:38]} {[%emt 00:00:21]} g6 {[%clk
01:25:17]} {[%emt 00:01:04]} 4. Bb2 {[%clk 01:28:38]} {[%emt 00:00:06]} Bg7
{[%clk 01:25:17]} {[%emt 00:00:05]} 5. g3 {[%clk 01:26:48]} {[%emt 00:02:00]}
d6 {[%clk 01:21:51]} {[%emt 00:03:37]} 6. Bg2 {[%clk 01:26:30]} {[%emt
00:00:28]} e5 {[%clk 01:21:30]} {[%emt 00:00:31]} 7. d3 {[%clk 01:26:30]}
{[%emt 00:00:07]} O-O {[%clk 01:21:25]} {[%emt 00:00:15]} 8. Qb3 {[%clk
01:25:22]} {[%emt 00:01:18]} Kh8 {[%clk 01:18:13]} {[%emt 00:03:22]} 9. Nc3
{[%clk 01:24:38]} {[%emt 00:00:54]} c6 {[%clk 01:17:39]} {[%emt 00:00:44]} 10.
c5 {[%clk 01:22:26]} {[%emt 00:02:22]} e4 {[%clk 01:16:20]} {[%emt 00:01:29]}
11. dxe4 {[%clk 01:20:15]} {[%emt 00:02:21]} fxe4 {[%clk 01:16:20]} {[%emt
00:00:05]} 12. Nd2 {[%clk 01:19:49]} {[%emt 00:00:35]} d5 {[%clk 01:16:08]}
{[%emt 00:00:22]} 13. e3 {[%clk 01:19:14]} {[%emt 00:00:45]} Nbd7 {[%clk
01:14:42]} {[%emt 00:01:37]} 14. Ne2 {[%clk 01:18:52]} {[%emt 00:00:31]} Qe7
{[%clk 01:12:22]} {[%emt 00:02:31]} 15. O-O {[%clk 01:11:38]} {[%emt 00:07:23]}
Ne5 {[%clk 01:11:17]} {[%emt 00:01:15]} 16. Bxe5 {[%clk 01:05:58]} {[%emt
00:05:48]} Qxe5 {[%clk 01:11:17]} {[%emt 00:00:08]} 17. Rac1 {[%clk 01:05:36]}
{[%emt 00:00:33]} Bd7 {[%clk 01:03:32]} {[%emt 00:07:55]} 18. Qc3 {[%clk
00:54:28]} {[%emt 00:11:18]} Qh5 {[%clk 01:02:09]} {[%emt 00:01:33]} 19. Nf4
{[%clk 00:53:58]} {[%emt 00:00:40]} Qh6 {[%clk 01:02:09]} {[%emt 00:00:03]} 20.
Qc2 {[%clk 00:53:14]} {[%emt 00:00:55]} g5 {[%clk 00:59:36]} {[%emt 00:02:43]}
21. Ne2 {[%clk 00:53:14]} {[%emt 00:00:06]} Ng4 {[%clk 00:59:36]} {[%emt
00:00:03]} 22. h3 {[%clk 00:53:01]} {[%emt 00:00:22]} Ne5 {[%clk 00:59:36]}
{[%emt 00:00:05]} 23. f4 {[%clk 00:51:15]} {[%emt 00:01:55]} Nd3 {[%clk
00:58:52]} {[%emt 00:00:54]} 24. g4 {[%clk 00:50:45]} {[%emt 00:00:40]} gxf4
{[%clk 00:57:37]} {[%emt 00:01:26]} 25. exf4 {[%clk 00:48:42]} {[%emt
00:02:13]} Nxc1 {[%clk 00:56:24]} {[%emt 00:01:23]} 26. Qxc1 {[%clk 00:48:30]}
{[%emt 00:00:20]} a5 {[%clk 00:55:52]} {[%emt 00:00:44]} 27. a3 {[%clk
00:47:20]} {[%emt 00:01:20]} axb4 {[%clk 00:55:52]} {[%emt 00:00:05]} 28. axb4
{[%clk 00:47:17]} {[%emt 00:00:13]} Ra1 {[%clk 00:53:55]} {[%emt 00:02:07]} 29.
Qc2 {[%clk 00:46:52]} {[%emt 00:00:36]} Rfa8 {[%clk 00:53:53]} {[%emt
00:00:11]} 30. Nb3 {[%clk 00:46:10]} {[%emt 00:00:53]} R1a2 {[%clk 00:52:56]}
{[%emt 00:01:07]} 31. Qd1 {[%clk 00:45:50]} {[%emt 00:00:30]} Rb2 {[%clk
00:52:36]} {[%emt 00:00:30]} 32. b5 {[%clk 00:44:27]} {[%emt 00:01:32]} Ra3
{[%clk 00:51:33]} {[%emt 00:01:13]} 33. bxc6 {[%clk 00:44:13]} {[%emt
00:00:23]} bxc6 {[%clk 00:51:33]} {[%emt 00:00:05]} 34. Ned4 {[%clk 00:43:45]}
{[%emt 00:00:37]} Raa2 {[%clk 00:51:33]} 0-1

[Event "2025 National K-12 Grade Championship"]
[Site "Spokane, WI USA, United States"]
[Date "2025.12.12"]
[Round "2.2"]
[White "Chakravarty, Aritro"]
[Black "Gross, Alexander William"]
[Result "1-0"]
[TimeControl "G/90; d10"]
[WhiteFideId "30976847"]
[BlackFideId "30948096"]
[WhiteElo "2234"]
[BlackElo "1965"]

1. d4 {[%clk 01:30:00]} {[%emt 00:00:07]} d5 {[%clk 01:27:37]} {[%emt
00:02:34]} 2. c4 {[%clk 01:28:01]} {[%emt 00:02:10]} e6 {[%clk 01:27:30]}
{[%emt 00:00:16]} 3. Nf3 {[%clk 01:28:01]} {[%emt 00:00:03]} Nf6 {[%clk
01:27:27]} {[%emt 00:00:13]} 4. g3 {[%clk 01:28:01]} {[%emt 00:00:01]} dxc4
{[%clk 01:27:09]} {[%emt 00:00:28]} 5. Bg2 {[%clk 01:28:01]} {[%emt 00:00:03]}
c6 {[%clk 01:27:00]} {[%emt 00:00:19]} 6. O-O {[%clk 01:27:26]} {[%emt
00:00:46]} Nbd7 {[%clk 01:26:47]} {[%emt 00:00:23]} 7. a4 {[%clk 01:27:18]}
{[%emt 00:00:17]} b6 {[%clk 01:26:39]} {[%emt 00:00:18]} 8. Nfd2 {[%clk
01:24:45]} {[%emt 00:02:43]} Nd5 {[%clk 01:25:07]} {[%emt 00:01:42]} 9. Nxc4
{[%clk 01:23:23]} {[%emt 00:01:32]} Ba6 {[%clk 01:23:32]} {[%emt 00:01:45]} 10.
b3 {[%clk 01:21:41]} {[%emt 00:01:52]} Bb4 {[%clk 01:20:52]} {[%emt 00:02:49]}
11. Bd2 {[%clk 01:18:46]} {[%emt 00:03:06]} Qe7 {[%clk 01:20:24]} {[%emt
00:00:38]} 12. e4 {[%clk 01:18:11]} {[%emt 00:00:45]} N5f6 {[%clk 01:10:39]}
{[%emt 00:09:55]} 13. d5 {[%clk 01:02:31]} {[%emt 00:15:48]} Bxc4 {[%clk
01:08:55]} {[%emt 00:01:55]} 14. bxc4 {[%clk 01:02:19]} {[%emt 00:00:22]} O-O
{[%clk 01:05:48]} {[%emt 00:03:17]} 15. Re1 {[%clk 00:58:57]} {[%emt 00:03:32]}
Ne5 {[%clk 00:59:36]} {[%emt 00:06:22]} 16. Qb3 {[%clk 00:58:37]} {[%emt
00:00:30]} Bc5 {[%clk 00:57:58]} {[%emt 00:01:48]} 17. Be3 {[%clk 00:54:33]}
{[%emt 00:04:14]} Nfg4 {[%clk 00:52:37]} {[%emt 00:05:31]} 18. Bxc5 {[%clk
00:50:16]} {[%emt 00:04:27]} Qxc5 {[%clk 00:52:37]} {[%emt 00:00:10]} 19. Ra2
{[%clk 00:49:40]} {[%emt 00:00:47]} Nxc4 {[%clk 00:45:17]} {[%emt 00:07:29]} 20.
dxc6 {[%clk 00:47:40]} {[%emt 00:02:10]} Na5 {[%clk 00:39:48]} {[%emt
00:05:40]} 21. Qb5 {[%clk 00:44:56]} {[%emt 00:02:53]} Qxc6 {[%clk 00:39:14]}
{[%emt 00:00:44]} 22. Qg5 {[%clk 00:38:12]} {[%emt 00:06:54]} Qc4 {[%clk
00:30:10]} {[%emt 00:09:14]} 23. Rd2 {[%clk 00:37:39]} {[%emt 00:00:42]} Nf6
{[%clk 00:29:23]} {[%emt 00:00:58]} 24. e5 {[%clk 00:34:56]} {[%emt 00:02:53]}
Nd5 {[%clk 00:25:51]} {[%emt 00:03:41]} 25. Bxd5 {[%clk 00:30:46]} {[%emt
00:04:21]} exd5 {[%clk 00:25:51]} {[%emt 00:00:10]} 26. Red1 {[%clk 00:29:10]}
{[%emt 00:01:46]} Nc6 {[%clk 00:20:33]} {[%emt 00:05:28]} 27. Rxd5 {[%clk
00:28:47]} {[%emt 00:00:33]} Qxa4 {[%clk 00:20:31]} {[%emt 00:00:12]} 28. Rd6
{[%clk 00:26:02]} {[%emt 00:02:54]} Rae8 {[%clk 00:14:08]} {[%emt 00:06:33]} 29.
Nc3 {[%clk 00:25:21]} {[%emt 00:00:52]} Qc4 {[%clk 00:13:43]} {[%emt 00:00:35]}
30. Nd5 {[%clk 00:25:18]} {[%emt 00:00:13]} h6 {[%clk 00:12:20]} {[%emt
00:01:33]} 31. Rxh6 {[%clk 00:24:59]} {[%emt 00:00:28]} 1-0

[Event "2025 National K-12 Grade Championship"]
[Site "Spokane, WI USA, United States"]
[Date "2025.12.12"]
[Round "2.3"]
[White "Chakrabartiroy, Arko"]
[Black "Tripathi, Amogh"]
[Result "1-0"]
[TimeControl "G/90; d10"]
[WhiteFideId "39973093"]
[BlackFideId "30980631"]
[WhiteElo "1862"]
[BlackElo "2221"]

1. e4 {[%clk 01:30:00]} {[%emt 00:00:04]} c6 {[%clk 01:26:41]} {[%emt
00:03:29]} 2. d4 {[%clk 01:30:00]} {[%emt 00:00:01]} d5 {[%clk 01:26:41]} 3.
exd5 {[%clk 01:29:58]} {[%emt 00:00:13]} cxd5 {[%clk 01:26:32]} {[%emt
00:00:19]} 4. c4 {[%clk 01:29:58]} {[%emt 00:00:01]} Nf6 {[%clk 01:25:44]}
{[%emt 00:00:58]} 5. Nc3 {[%clk 01:29:58]} {[%emt 00:00:05]} Nc6 {[%clk
01:25:42]} {[%emt 00:00:13]} 6. Nf3 {[%clk 01:29:58]} {[%emt 00:00:06]} e6
{[%clk 01:22:30]} {[%emt 00:03:23]} 7. cxd5 {[%clk 01:25:33]} {[%emt 00:04:34]}
exd5 {[%clk 01:20:21]} {[%emt 00:02:19]} 8. Be2 {[%clk 01:22:52]} {[%emt
00:02:51]} Be7 {[%clk 01:18:25]} {[%emt 00:02:05]} 9. O-O {[%clk 01:22:47]}
{[%emt 00:00:15]} O-O {[%clk 01:18:25]} {[%emt 00:00:07]} 10. Bf4 {[%clk
01:22:04]} {[%emt 00:00:53]} Bf5 {[%clk 01:13:15]} {[%emt 00:05:20]} 11. h3
{[%clk 01:17:21]} {[%emt 00:04:52]} Ne4 {[%clk 01:09:24]} {[%emt 00:04:02]} 12.
Bd3 {[%clk 01:15:40]} {[%emt 00:01:50]} Nb4 {[%clk 01:02:20]} {[%emt 00:07:14]}
13. Bb1 {[%clk 01:13:50]} {[%emt 00:02:00]} Rc8 {[%clk 00:59:36]} {[%emt
00:02:54]} 14. Qb3 {[%clk 01:10:25]} {[%emt 00:03:36]} Bg6 {[%clk 00:39:16]}
{[%emt 00:20:30]} 15. Ne5 {[%clk 01:01:23]} {[%emt 00:09:11]} Nc6 {[%clk
00:36:07]} {[%emt 00:03:20]} 16. Be3 {[%clk 00:56:14]} {[%emt 00:05:18]} Nxc3
{[%clk 00:33:55]} {[%emt 00:02:23]} 17. bxc3 {[%clk 00:56:06]} {[%emt
00:00:18]} Bxb1 {[%clk 00:33:26]} {[%emt 00:00:38]} 18. Nxc6 {[%clk 00:54:54]}
{[%emt 00:01:22]} Rxc6 {[%clk 00:32:47]} {[%emt 00:00:49]} 19. Raxb1 {[%clk
00:54:30]} {[%emt 00:00:34]} b6 {[%clk 00:31:51]} {[%emt 00:01:06]} 20. Rfe1
{[%clk 00:51:47]} {[%emt 00:02:53]} Bd6 {[%clk 00:30:02]} {[%emt 00:02:00]} 21.
Bd2 {[%clk 00:49:23]} {[%emt 00:02:34]} Rc4 {[%clk 00:29:10]} {[%emt 00:01:02]}
22. Re2 {[%clk 00:47:39]} {[%emt 00:01:53]} Qd7 {[%clk 00:28:14]} {[%emt
00:01:06]} 23. Qb5 {[%clk 00:45:48]} {[%emt 00:02:01]} Qf5 {[%clk 00:27:15]}
{[%emt 00:01:07]} 24. Rbe1 {[%clk 00:44:16]} {[%emt 00:01:45]} h6 {[%clk
00:26:27]} {[%emt 00:00:58]} 25. g4 {[%clk 00:42:14]} {[%emt 00:02:11]} Qf3
{[%clk 00:18:23]} {[%emt 00:08:14]} 26. Re3 {[%clk 00:39:48]} {[%emt 00:02:37]}
Bh2+ {[%clk 00:16:05]} {[%emt 00:02:27]} 27. Kf1 {[%clk 00:34:56]} {[%emt
00:05:01]} Qh1+ {[%clk 00:15:38]} {[%emt 00:00:38]} 28. Ke2 {[%clk 00:34:52]}
{[%emt 00:00:13]} Qg2 {[%clk 00:15:29]} {[%emt 00:00:18]} 29. Kd1 {[%clk
00:34:21]} {[%emt 00:00:42]} Kh7 {[%clk 00:12:40]} {[%emt 00:03:00]} 30. Qd7
{[%clk 00:30:45]} {[%emt 00:03:46]} g6 {[%clk 00:07:33]} {[%emt 00:05:18]} 31.
f3 {[%clk 00:29:24]} {[%emt 00:01:30]} Bf4 {[%clk 00:05:32]} {[%emt 00:02:11]}
32. R1e2 {[%clk 00:28:03]} {[%emt 00:01:32]} Qg1+ {[%clk 00:05:11]} {[%emt
00:00:31]} 33. Re1 {[%clk 00:28:01]} {[%emt 00:00:11]} Qg2 {[%clk 00:04:36]}
{[%emt 00:00:45]} 34. R1e2 {[%clk 00:27:36]} {[%emt 00:00:35]} Qxh3 {[%clk
00:03:50]} {[%emt 00:00:57]} 35. Re7 {[%clk 00:26:44]} {[%emt 00:01:02]} Qf1+
{[%clk 00:03:35]} {[%emt 00:00:25]} 36. Kc2 {[%clk 00:25:52]} {[%emt 00:01:01]}
Rc7 {[%clk 00:01:32]} {[%emt 00:02:14]} 37. Qxd5 {[%clk 00:24:38]} {[%emt
00:01:23]} Bxd2 {[%clk 00:01:07]} {[%emt 00:00:36]} 38. Kxd2 {[%clk 00:22:08]}
{[%emt 00:02:40]} Rxe7 {[%clk 00:00:43]} {[%emt 00:00:35]} 39. Rxe7 {[%clk
00:22:07]} {[%emt 00:00:10]} Qf2+ {[%clk 00:00:43]} {[%emt 00:00:09]} 40. Kd3
{[%clk 00:22:07]} {[%emt 00:00:06]} Qf1+ {[%clk 00:00:43]} {[%emt 00:00:05]} 41.
Kc2 {[%clk 00:22:07]} {[%emt 00:00:05]} Kg8 {[%clk 00:00:28]} {[%emt 00:00:25]}
42. Rxa7 {[%clk 00:20:55]} {[%emt 00:01:23]} Qe2+ {[%clk 00:00:28]} {[%emt
00:00:01]} 43. Kb3 {[%clk 00:20:49]} {[%emt 00:00:15]} Qd1+ {[%clk 00:00:28]}
{[%emt 00:00:01]} 44. Ka3 {[%clk 00:20:45]} {[%emt 00:00:14]} Qc1+ {[%clk
00:00:28]} {[%emt 00:00:03]} 45. Kb4 {[%clk 00:20:28]} {[%emt 00:00:27]} Qb2+
{[%clk 00:00:28]} {[%emt 00:00:07]} 46. Qb3 {[%clk 00:20:27]} {[%emt 00:00:11]}
Qe2 {[%clk 00:00:28]} {[%emt 00:00:01]} 47. c4 {[%clk 00:20:09]} {[%emt
00:00:28]} Rd8 {[%clk 00:00:26]} {[%emt 00:00:12]} 48. d5 {[%clk 00:19:39]}
{[%emt 00:00:41]} Rc8 {[%clk 00:00:26]} {[%emt 00:00:07]} 49. Ra3 {[%clk
00:18:46]} {[%emt 00:01:03]} b5 {[%clk 00:00:23]} {[%emt 00:00:14]} 50. c5
{[%clk 00:17:54]} {[%emt 00:01:01]} Qd2+ {[%clk 00:00:23]} 51. Kxb5 {[%clk
00:11:18]} {[%emt 00:06:47]} Qe2+ {[%clk 00:00:23]} {[%emt 00:00:01]} 52. Qd3
{[%clk 00:09:48]} {[%emt 00:01:40]} Rb8+ {[%clk 00:00:23]} {[%emt 00:00:01]} 53.
Kc4 {[%clk 00:07:50]} {[%emt 00:02:07]} Qb2 {[%clk 00:00:10]} {[%emt 00:00:23]}
54. Qc3 {[%clk 00:07:34]} {[%emt 00:00:26]} Qe2+ {[%clk 00:00:10]} {[%emt
00:00:06]} 55. Kd4 {[%clk 00:05:55]} {[%emt 00:01:49]} Qf2+ {[%clk 00:00:10]}
56. Kc4 {[%clk 00:03:05]} {[%emt 00:03:00]} Qe2+ {[%clk 00:00:10]} 57. Qd3
{[%clk 00:03:05]} {[%emt 00:00:09]} Qb2 {[%clk 00:00:10]} {[%emt 00:00:02]} 58.
d6 {[%clk 00:03:03]} {[%emt 00:00:11]} Qb5+ {[%clk 00:00:10]} {[%emt 00:00:09]}
59. Kd5 {[%clk 00:02:51]} {[%emt 00:00:21]} Qd7 {[%clk 00:00:10]} {[%emt
00:00:07]} 60. Rb3 {[%clk 00:01:37]} {[%emt 00:01:25]} Rc8 {[%clk 00:00:10]}
{[%emt 00:00:01]} 61. Qc4 {[%clk 00:01:16]} {[%emt 00:00:31]} Qc6+ {[%clk
00:00:10]} {[%emt 00:00:10]} 62. Ke5 {[%clk 00:01:16]} {[%emt 00:00:10]} Re8+
{[%clk 00:00:10]} {[%emt 00:00:04]} 63. Kf4 {[%clk 00:01:16]} g5+ {[%clk
00:00:05]} {[%emt 00:00:15]} 64. Kg3 {[%clk 00:01:16]} {[%emt 00:00:09]} Qd7
{[%clk 00:00:05]} {[%emt 00:00:09]} 65. Rd3 {[%clk 00:01:11]} {[%emt 00:00:15]}
Re1 {[%clk 00:00:05]} {[%emt 00:00:07]} 66. c6 {[%clk 00:00:59]} {[%emt
00:00:21]} Qe8 {[%clk 00:00:05]} 67. Qc5 {[%clk 00:00:42]} {[%emt 00:00:27]}
Qe2 {[%clk 00:00:03]} {[%emt 00:00:12]} 68. Qf2 {[%clk 00:00:35]} {[%emt
00:00:17]} Qe5+ {[%clk 00:00:03]} {[%emt 00:00:03]} 69. Kg2 {[%clk 00:00:28]}
{[%emt 00:00:16]} Re2 {[%clk 00:00:03]} {[%emt 00:00:01]} 70. d7 {[%clk
00:00:28]} Rxf2+ {[%clk 00:00:03]} {[%emt 00:00:01]} 71. Kxf2 {[%clk 00:00:28]}
{[%emt 00:00:02]} Qc5+ {[%clk 00:00:03]} 72. Ke2 {[%clk 00:00:28]} {[%emt
00:00:03]} Qc2+ {[%clk 00:00:03]} {[%emt 00:00:02]} 73. Ke3 {[%clk 00:00:28]}
{[%emt 00:00:02]} Qc5+ {[%clk 00:00:03]} {[%emt 00:00:02]} 74. Ke4 {[%clk
00:00:28]} {[%emt 00:00:03]} Qe7+ {[%clk 00:00:03]} {[%emt 00:00:01]} 75. Kd5
{[%clk 00:00:28]} {[%emt 00:00:03]} Qe6+ {[%clk 00:00:03]} 76. Kd4 {[%clk
00:00:28]} Qd6+ {[%clk 00:00:03]} {[%emt 00:00:04]} 77. Ke3 {[%clk 00:00:28]}
{[%emt 00:00:03]} Qe5+ {[%clk 00:00:03]} {[%emt 00:00:02]} 78. Kd2 {[%clk
00:00:28]} {[%emt 00:00:10]} Qa5+ {[%clk 00:00:03]} {[%emt 00:00:03]} 79. Rc3
{[%clk 00:00:28]} {[%emt 00:00:06]} Qxa2+ {[%clk 00:00:03]} {[%emt 00:00:04]}
80. Ke3 {[%clk 00:00:28]} {[%emt 00:00:05]} Qe6+ {[%clk 00:00:03]} {[%emt
00:00:01]} 81. Kf2 {[%clk 00:00:28]} {[%emt 00:00:04]} Qa2+ {[%clk 00:00:03]}
{[%emt 00:00:06]} 82. Kg3 {[%clk 00:00:28]} {[%emt 00:00:03]} Qd5 {[%clk
00:00:03]} {[%emt 00:00:01]} 83. c7 {[%clk 00:00:28]} {[%emt 00:00:06]} Qd6+
{[%clk 00:00:03]} {[%emt 00:00:01]} 84. Kh3 {[%clk 00:00:28]} Qd1 {[%clk
00:00:03]} {[%emt 00:00:05]} 85. d8=Q+ {[%clk 00:00:28]} {[%emt 00:00:05]} Kh7
{[%clk 00:00:03]} {[%emt 00:00:01]} 86. Qxd1 {[%clk 00:00:28]} {[%emt
00:00:02]} 1-0

[Event "2025 National K-12 Grade Championship"]
[Site "Spokane, WI USA, United States"]
[Date "2025.12.12"]
[Round "2.4"]
[White "Gardezi, Arsal"]
[Black "Paukovitz, Samuel"]
[Result "1-0"]
[TimeControl "G/90; d10"]
[WhiteFideId "30949521"]
[BlackFideId "39943208"]
[WhiteElo "2204"]
[BlackElo "1915"]

1. e4 {[%clk 01:29:56]} {[%emt 00:00:12]} e5 {[%clk 01:29:41]} {[%emt
00:00:29]} 2. Nf3 {[%clk 01:29:56]} {[%emt 00:00:06]} Nc6 {[%clk 01:29:41]}
{[%emt 00:00:08]} 3. Bb5 {[%clk 01:29:56]} {[%emt 00:00:05]} a6 {[%clk
01:29:41]} {[%emt 00:00:10]} 4. Ba4 {[%clk 01:29:56]} {[%emt 00:00:06]} Nf6
{[%clk 01:29:41]} {[%emt 00:00:09]} 5. O-O {[%clk 01:29:47]} {[%emt 00:00:20]}
Be7 {[%clk 01:29:41]} {[%emt 00:00:08]} 6. Re1 {[%clk 01:29:34]} {[%emt
00:00:22]} b5 {[%clk 01:29:41]} {[%emt 00:00:08]} 7. Bb3 {[%clk 01:29:34]}
{[%emt 00:00:04]} O-O {[%clk 01:29:41]} {[%emt 00:00:10]} 8. d3 {[%clk
01:28:54]} {[%emt 00:00:50]} d6 {[%clk 01:29:21]} {[%emt 00:00:31]} 9. c3
{[%clk 01:28:12]} {[%emt 00:00:51]} Na5 {[%clk 01:29:01]} {[%emt 00:00:29]} 10.
Bc2 {[%clk 01:28:07]} {[%emt 00:00:15]} c5 {[%clk 01:29:01]} {[%emt 00:00:09]}
11. a4 {[%clk 01:27:45]} {[%emt 00:00:30]} Bg4 {[%clk 01:18:41]} {[%emt
00:10:30]} 12. Nbd2 {[%emt 00:06:27]} c4 {[%clk 01:07:05]} {[%emt 00:05:51]} 13.
h3 {[%clk 01:24:50]} {[%emt 00:02:43]} Bd7 {[%clk 00:58:44]} {[%emt 00:08:31]}
14. d4 {[%clk 01:23:22]} {[%emt 00:01:37]} Qc7 {[%clk 00:58:22]} {[%emt
00:00:32]} 15. Nf1 {[%clk 01:22:41]} {[%emt 00:00:51]} Rfe8 {[%clk 00:44:40]}
{[%emt 00:13:52]} 16. axb5 {[%clk 01:18:26]} {[%emt 00:04:25]} axb5 {[%clk
00:44:18]} {[%emt 00:00:32]} 17. Bg5 {[%clk 01:18:17]} {[%emt 00:00:18]} h6
{[%clk 00:42:22]} {[%emt 00:02:07]} 18. Bh4 {[%clk 01:18:17]} {[%emt 00:00:04]}
Nh7 {[%clk 00:38:39]} {[%emt 00:03:53]} 19. Bg3 {[%clk 01:15:57]} {[%emt
00:02:30]} Ng5 {[%clk 00:32:26]} {[%emt 00:06:24]} 20. Ne3 {[%clk 01:10:59]}
{[%emt 00:05:07]} Nxf3+ {[%clk 00:31:53]} {[%emt 00:00:43]} 21. Qxf3 {[%clk
01:10:59]} {[%emt 00:00:07]} Be6 {[%clk 00:27:48]} {[%emt 00:04:16]} 22. Nd5
{[%clk 01:08:12]} {[%emt 00:02:57]} Bxd5 {[%clk 00:25:14]} {[%emt 00:02:45]} 23.
exd5 {[%clk 01:08:07]} {[%emt 00:00:14]} exd4 {[%clk 00:25:08]} {[%emt
00:00:17]} 24. cxd4 {[%clk 01:07:55]} {[%emt 00:00:21]} Bf8 {[%clk 00:23:19]}
{[%emt 00:02:00]} 25. h4 {[%clk 01:06:42]} {[%emt 00:01:23]} Nb3 {[%clk
00:20:09]} {[%emt 00:03:20]} 26. Bxb3 {[%clk 01:01:19]} {[%emt 00:05:33]} cxb3
{[%clk 00:20:03]} {[%emt 00:00:16]} 27. Qxb3 {[%clk 01:01:19]} {[%emt
00:00:06]} Rxa1 {[%clk 00:18:52]} {[%emt 00:01:21]} 28. Rxa1 {[%clk 01:01:19]}
{[%emt 00:00:07]} Qb6 {[%clk 00:18:31]} {[%emt 00:00:32]} 29. Rc1 {[%clk
00:59:41]} {[%emt 00:01:46]} Qa5 {[%clk 00:13:17]} {[%emt 00:05:24]} 30. Kh2
{[%clk 00:57:58]} {[%emt 00:01:53]} Qd2 {[%clk 00:08:02]} {[%emt 00:05:25]} 31.
Qxb5 {[%clk 00:54:45]} {[%emt 00:03:23]} 1-0

[Event "2025 National K-12 Grade Championship"]
[Site "Spokane, WI USA, United States"]
[Date "2025.12.12"]
[Round "2.5"]
[White "Zhao, Erick"]
[Black "Barry, Louis"]
[Result "1-0"]
[TimeControl "G/90; d10"]
[WhiteTitle "IM"]
[WhiteFideId "30946930"]
[WhiteElo "2518"]
[BlackElo "1914"]

1. d4 {[%clk 01:30:00]} {[%emt 00:00:04]} Nf6 {[%clk 01:30:00]} {[%emt
00:00:10]} 2. c4 {[%clk 01:30:00]} {[%emt 00:00:04]} e6 {[%clk 01:30:00]}
{[%emt 00:00:11]} 3. Nc3 {[%clk 01:30:00]} {[%emt 00:00:03]} Bb4 {[%clk
01:29:58]} {[%emt 00:00:12]} 4. Qb3 {[%clk 01:30:00]} {[%emt 00:00:03]} c5
{[%clk 01:28:38]} {[%emt 00:01:31]} 5. Nf3 {[%clk 01:29:35]} {[%emt 00:00:35]}
Nc6 {[%clk 01:25:44]} {[%emt 00:03:04]} 6. e3 {[%clk 01:29:21]} {[%emt
00:00:23]} O-O {[%clk 01:18:22]} {[%emt 00:07:33]} 7. a3 {[%clk 01:24:03]}
{[%emt 00:05:28]} Bxc3+ {[%clk 00:58:55]} {[%emt 00:19:38]} 8. Qxc3 {[%clk
01:24:03]} {[%emt 00:00:09]} d5 {[%clk 00:50:48]} {[%emt 00:08:16]} 9. dxc5
{[%clk 01:21:21]} {[%emt 00:02:53]} Ne4 {[%clk 00:49:43]} {[%emt 00:01:14]} 10.
Qc2 {[%clk 01:19:59]} {[%emt 00:01:29]} Qa5+ {[%emt 00:11:23]} 11. Nd2 {[%clk
01:16:32]} {[%emt 00:03:33]} Nxd2 {[%clk 00:31:26]} {[%emt 00:07:22]} 12. Bxd2
{[%clk 01:13:13]} {[%emt 00:03:28]} Qxc5 {[%clk 00:31:18]} {[%emt 00:00:18]} 13.
b4 {[%clk 01:13:13]} {[%emt 00:00:05]} Qe7 {[%clk 00:30:10]} {[%emt 00:01:18]}
14. b5 {[%clk 01:13:00]} {[%emt 00:00:23]} Ne5 {[%emt 00:03:37]} 15. Bb4 {[%clk
01:06:54]} {[%emt 00:05:54]} Qf6 {[%clk 00:27:05]} {[%emt 00:00:10]} 16. Rd1
{[%clk 01:06:37]} {[%emt 00:00:26]} Re8 {[%clk 00:18:41]} {[%emt 00:08:35]} 17.
Bc3 {[%clk 01:03:11]} {[%emt 00:03:35]} Qg6 {[%clk 00:17:43]} {[%emt 00:01:08]}
18. Qxg6 {[%clk 00:58:36]} {[%emt 00:04:45]} Nxg6 {[%clk 00:17:43]} {[%emt
00:00:07]} 19. Be2 {[%clk 00:56:53]} {[%emt 00:01:52]} dxc4 {[%clk 00:15:47]}
{[%emt 00:02:07]} 20. Bxc4 {[%clk 00:55:48]} {[%emt 00:01:14]} e5 {[%clk
00:15:20]} {[%emt 00:00:37]} 21. Bd5 {[%clk 00:55:48]} {[%emt 00:00:02]} Ne7
{[%clk 00:14:31]} {[%emt 00:00:59]} 22. Bf3 {[%clk 00:55:06]} {[%emt 00:00:50]}
Be6 {[%clk 00:08:24]} {[%emt 00:06:20]} 23. Bxe5 {[%clk 00:54:07]} {[%emt
00:01:09]} Rac8 {[%clk 00:07:33]} {[%emt 00:01:01]} 24. O-O {[%clk 00:51:16]}
{[%emt 00:03:01]} Bc4 {[%clk 00:06:27]} {[%emt 00:01:16]} 25. Rfe1 {[%clk
00:51:16]} {[%emt 00:00:09]} Bxb5 {[%clk 00:03:38]} {[%emt 00:03:00]} 26. Bxb7
{[%clk 00:51:16]} {[%emt 00:00:06]} Rc2 {[%clk 00:02:53]} {[%emt 00:00:56]} 27.
Rc1 {[%clk 00:51:05]} {[%emt 00:00:18]} Ra2 {[%clk 00:02:10]} {[%emt 00:00:56]}
28. Bd6 {[%clk 00:51:04]} {[%emt 00:00:09]} Nf5 {[%clk 00:01:47]} {[%emt
00:00:35]} 29. Bc5 {[%clk 00:51:04]} {[%emt 00:00:01]} g6 {[%clk 00:01:26]}
{[%emt 00:00:31]} 30. e4 {[%clk 00:51:04]} {[%emt 00:00:06]} Ng7 {[%clk
00:01:23]} {[%emt 00:00:13]} 31. Bd5 {[%clk 00:51:04]} {[%emt 00:00:04]} Rd2
{[%clk 00:00:56]} {[%emt 00:00:36]} 32. Bb4 {[%clk 00:51:04]} {[%emt 00:00:08]}
Re2 {[%clk 00:00:56]} {[%emt 00:00:09]} 33. Rxe2 {[%clk 00:51:04]} {[%emt
00:00:06]} Bxe2 {[%clk 00:00:56]} {[%emt 00:00:08]} 34. Rc7 {[%clk 00:50:59]}
{[%emt 00:00:13]} a6 {[%clk 00:00:50]} {[%emt 00:00:18]} 35. Bxf7+ {[%clk
00:50:59]} 1-0